| 000 | 01244cam a2200229 4500 | ||
|---|---|---|---|
| 008 | #DATE n1999 000 0 eng u | ||
| 020 | _aJ122489 | ||
| 035 | _a(Sirsi) u122489 | ||
| 041 | _aeng | ||
| 050 |
_a333.33 _c18 |
||
| 110 |
_aDepartment for Environment, Transport and the Regions _94203 |
||
| 245 |
_aKey research on easier home buying and selling _btechnical issues |
||
| 260 |
_aLondon _bDETR _c1999 |
||
| 520 | _aDiscusses some of the key technical and methodological issues arising from the research into the causes of delay and frustration with the homebuying and selling process "Key Research on Easier Home Buying and Selling" (ISBN 1851121331). The report forms a part of the OPDM home buying and selling policy website which outlines the development of the Housing Bill and Home Information Packs. View at www.DCLG.gov.uk. | ||
| 650 | _aHOME INFORMATION PACKS | ||
| 650 | _aPROPERTY-RESIDENTIAL PROPERTY-ACQUISITION AND DISPOSAL OF RESIDENTIAL PROPERTY | ||
| 650 | _aHOUSE SALES | ||
| 650 | _aPROPERTY-RESIDENTIAL PROPERTY-ACQUISITION AND DISPOSAL OF RESIDENTIAL PROPERTY | ||
| 690 | _aHOUSING | ||
| 856 |
_uhttps://www.communities.gov.uk/index.asp?id=1151084 _vView the report on the DCLG website... |
||
| 942 | _n0 | ||
| 999 |
_c102863 _d102863 |
||